=LDR 00000nam 2200000 4500 =001 INLIS000000000037718 =005 20200217030834 =035 ##$$a 0010-061300000037718 =008 200217################g##########0#ind## =041 ##$$a Ind =082 ##$$a 153.8 =090 ##$$a 153.8, Nik c =100 ##$$a Nikolay, Hingdranata =245 1#$$a Coffee for the mind : $b Inspirasi untuk mencerdaskan hidup anda /$c Hingdranata Nikolay =260 ##$$a Jakarta :$b PT. Gramedia Pustaka Utama,$c 2011 =300 ##$$a 133 hlm : $b ilus. ; $c 21 x 14 cm =650 #4$$a Motivasi =850 ##$$a NBPNMAT =020 ##$$a 978-979-22-7169 =084 ##$$a 153.8 NIK c =990 ##$$a 21110587 =990 ##$$a 21110586 =990 ##$$a 1201101194 =990 ##$$a 92408/BPAP-NTB/2014 =990 ##$$a 21110587 =990 ##$$a 21110586 =990 ##$$a 1201101194 =990 ##$$a 21110588 =990 ##$$a 21110587 =990 ##$$a 21110586 =990 ##$$a 1201101194 =990 ##$$a 21110588 =990 ##$$a 21110587 =990 ##$$a 21110586 =990 ##$$a 1201101194